000 00691nam a22002297a 4500
003 UA-OsUOA
001 40078
007 ta
008 20080528b un ||||| |||| 00| 0 ukr d
100 _aBilinsky Y.
090 _a94(47+57)
942 _cBR
040 _aUA-OsUOA
_beng
_cUA-OsUOA
_dUA-OsUOA
245 _aExpanding the Use of Russian or Russification? Some Critical Thoughts on Russian as a Lingua Franca and the "Language of Frienship and Cooperation of the Peoples of the USSR"
300 _a28 с.
955 _a1
041 _aeng
080 _a94(47+57)
260 _aDelaware
_c1980
650 7 _a9 Географія. Біографії. Історія
_2UDC
999 _c438587
_d438587